[Event "US op 121st"]
[Site "Cherry Hill"]
[Date "2021.08.06"]
[Round "7"]
[White "Shabalov, Alexander"]
[Black "Mabe, Chris J"]
[Result "1-0"]
[WhiteElo "2502"]
[BlackElo "2126"]
[PlyCount "51"]
[EventDate "2021.07.31"]
[EventType "swiss"]
[EventRounds "9"]
[EventCountry "USA"]
[SourceTitle "CBM 203 Extra"]
[Source "ChessBase"]
[SourceDate "2021.09.30"]
[SourceVersion "1"]
[SourceVersionDate "2021.09.30"]
[SourceQuality "1"]

1. e4 e6 2. d4 d5 3. Nc3 Bb4 4. e5 Ne7 5. a3 Bxc3+ 6. bxc3 c5 7. h4 Qa5 8. Bd2 Nbc6 9. a4 0-0 10. Nf3 f6 11. exf6 Rxf6 12. Be2 Bd7 13. 0-0 Qc7 14. dxc5 e5 15. c4 d4 16. Ng5 Bf5 17. Bd3 Nd8 18. Rb1 Ne6 19. Qh5 Nxg5 20. Bxg5 Bg6 21. Qg4 Ra6 22. Rfe1 Rf8 23. Bxe7 Qxe7 24. Qxd4 Re8 25. Qd5+ Bf7 26. Rxb7 1-0

[Event "Titled Tuesday intern op 7th April"]
[Site "Chess.com INT"]
[Date "2020.04.07"]
[Round "9"]
[White "Zacarias Martinez, Ruben David"]
[Black "Mabe, Chris J"]
[Result "1-0"]
[WhiteElo "2135"]
[BlackElo "2135"]
[PlyCount "61"]
[EventDate "2020.04.07"]
[EventType "swiss (blitz)"]
[EventRounds "10"]
[EventCountry "USA"]
[SourceTitle "EXT 2021"]
[Source "ChessBase"]
[SourceDate "2020.10.23"]
[SourceVersion "1"]
[SourceVersionDate "2020.10.23"]
[SourceQuality "1"]

1. e4 e6 2. d4 d5 3. Nd2 c5 4. exd5 Qxd5 5. dxc5 Nf6 6. Ngf3 Bxc5 7. Bc4 Qd7 8. 0-0 a6 9. c3 b5 10. Bb3 Bb7 11. Qe2 Nc6 12. Re1 0-0 13. Ng5 h6 14. Nge4 Be7 15. Nxf6+ Bxf6 16. Ne4 Be7 17. Qh5 Na5 18. Bc2 Qd5 19. Qh3 Nc4 20. Bxh6 gxh6 21. Qxh6 f5 22. Qg6+ Kh8 23. Rad1 Qe5 24. Rd3 Qg7 25. Rh3+ Kg8 26. Qxe6+ Qf7 27. Qh6 Qg7 28. Rg3 Qxg3 29. Nxg3 Rf6 30. Qg5+ Kf7 31. Nxf5 1-0

[Event "Titled Tuesday intern op 3rd March"]
[Site "Chess.com INT"]
[Date "2020.03.03"]
[Round "8"]
[White "Mabe, Chris J"]
[Black "Palacio, Igor Da Paz"]
[Result "1-0"]
[WhiteElo "2135"]
[BlackElo "2172"]
[PlyCount "79"]
[EventDate "2020.03.03"]
[EventType "swiss (blitz)"]
[EventRounds "10"]
[EventCountry "USA"]
[SourceTitle "EXT 2021"]
[Source "ChessBase"]
[SourceDate "2020.10.23"]
[SourceVersion "1"]
[SourceVersionDate "2020.10.23"]
[SourceQuality "1"]

1. e4 d6 2. d4 Nf6 3. Nc3 g6 4. f4 Bg7 5. Nf3 0-0 6. Be3 Nc6 7. Qd2 Ng4 8. Bg1 e5 9. d5 Nb8 10. h3 Nf6 11. fxe5 dxe5 12. Be3 Ne8 13. 0-0-0 Nd6 14. Bh6 Nd7 15. h4 Bxh6 16. Qxh6 Qf6 17. Qe3 Qf4 18. Qxf4 exf4 19. e5 Nf5 20. Bd3 Ne3 21. Rdg1 Nb6 22. Be4 Rd8 23. d6 cxd6 24. exd6 Rxd6 25. Nb5 Rd8 26. g3 fxg3 27. Rxg3 Ned5 28. Rd1 Be6 29. Bxd5 Rxd5 30. Rxd5 Nxd5 31. Ng5 a6 32. Nd6 Rb8 33. Nxe6 fxe6 34. Rf3 b5 35. Ne4 Rf8 36. Rd3 Rc8 37. c3 Nb4 38. Rd7 Nd5 39. Kd2 h6 40. Kd3 1-0

[Event "North Carolina Inv"]
[Site "Chapel Hill"]
[Date "2013.03.24"]
[Round "5"]
[White "Mabe, Chris J"]
[Black "Mu, Joshua"]
[Result "1/2-1/2"]
[WhiteElo "2255"]
[BlackElo "2185"]
[PlyCount "153"]
[EventDate "2013.03.23"]
[EventType "tourn"]
[EventRounds "5"]
[EventCountry "USA"]
[SourceTitle "CBM 153 Extra"]
[Source "ChessBase"]
[SourceDate "2013.04.22"]
[SourceVersion "1"]
[SourceVersionDate "2013.04.22"]
[SourceQuality "1"]

1. e4 c5 2. d3 Nc6 3. f4 e6 4. Nf3 d5 5. Be2 b6 6. 0-0 Bb7 7. c3 dxe4 8. dxe4 Qxd1 9. Rxd1 Nf6 10. Nbd2 0-0-0 11. Ng5 Rd7 12. Nc4 Nd8 13. Ne5 Rxd1+ 14. Bxd1 Bxe4 15. Nexf7 Nxf7 16. Nxf7 Rg8 17. Bb3 Bd5 18. Be3 Ng4 19. Bf2 c4 20. Bc2 Nxf2 21. Kxf2 Bc5+ 22. Kg3 Rf8 23. Ng5 h6 24. Ne4 Be3 25. Rf1 g5 26. f5 Bf4+ 27. Kf2 exf5 28. Ng3 Bxg3+ 29. hxg3 Be4 30. Ba4 Rd8 31. Ke1 Rd3 32. Bc2 Rxg3 33. Bxe4 fxe4 34. Kf2 Rg4 35. Rh1 Rf4+ 36. Ke3 Rf6 37. Kxe4 Rf2 38. b3 Rxg2 39. Rxh6 Rxa2 40. bxc4 Ra5 41. Rh7 Kb8 42. Kd3 Rc5 43. Rg7 a5 44. Kc2 Kc8 45. Kb3 Kd8 46. Kb2 Ke8 47. Kc2 Kf8 48. Rg6 Kf7 49. Rxb6 g4 50. Kd3 g3 51. Ke2 Rxc4 52. Ra6 Rg4 53. Kf1 Rg5 54. Kg2 Ke7 55. c4 Kd7 56. c5 Rxc5 57. Kxg3 Kc7 58. Kf3 Kb7 59. Rh6 Re5 60. Rg6 Re8 61. Rh6 a4 62. Rh4 Ra8 63. Ke3 a3 64. Rh1 Ka6 65. Kd3 Ka5 66. Kc2 Rb8 67. Rh5+ Kb4 68. Kb1 Ka4+ 69. Ka1 Rb4 70. Rh3 Rc4 71. Ka2 Rc2+ 72. Kb1 Rd2 73. Rg3 Rb2+ 74. Ka1 Rb3 75. Rxb3 Kxb3 76. Kb1 a2+ 77. Ka1 1/2-1/2

[Event "North Carolina Inv"]
[Site "Chapel Hill"]
[Date "2013.03.23"]
[Round "1"]
[White "Mabe, Chris J"]
[Black "Timmel, John D"]
[Result "1-0"]
[WhiteElo "2255"]
[BlackElo "2087"]
[PlyCount "119"]
[EventDate "2013.03.23"]
[EventType "tourn"]
[EventRounds "5"]
[EventCountry "USA"]
[SourceTitle "CBM 153 Extra"]
[Source "ChessBase"]
[SourceDate "2013.04.22"]
[SourceVersion "1"]
[SourceVersionDate "2013.04.22"]
[SourceQuality "1"]

1. c4 e5 2. g3 Nc6 3. Nc3 Bc5 4. Bg2 d6 5. e3 Nf6 6. a3 Be6 7. b4 Bb6 8. d3 a5 9. b5 Ne7 10. Bxb7 d5 11. Bxa8 Qxa8 12. c5 Bxc5 13. Na4 d4 14. f3 Bd6 15. e4 0-0 16. Bg5 Nd7 17. Ne2 f6 18. Bd2 Qe8 19. 0-0 Qf7 20. Nc1 Rb8 21. Rb1 Bxa3 22. Bxa5 Bd6 23. Qc2 Rb7 24. b6 cxb6 25. Nxb6 Rc7 26. Nc4 Rc6 27. Nxd6 Rxd6 28. Qc7 Rc6 29. Qd8+ Qf8 30. Ne2 Nc5 31. Rb8 Qxd8 32. Bxd8 Kf7 33. Ra1 Nd7 34. Rb2 Nc8 35. Rc1 Rxc1+ 36. Nxc1 Na7 37. Ba5 Nc6 38. Bd2 g5 39. Kf2 Kg6 40. Nb3 Ne7 41. Bb4 Nc6 42. Bd6 Bf7 43. Nc5 Nxc5 44. Bxc5 Be8 45. Rb6 h5 46. Rb7 f5 47. Rc7 Kf6 48. Rc8 Bd7 49. Rf8+ Kg6 50. Rg8+ Kf6 51. Rh8 fxe4 52. fxe4 Kg6 53. Bf8 Be8 54. Rh6+ Kf7 55. Ba3 Kg7 56. Re6 Bd7 57. Rd6 Be8 58. Ke2 g4 59. Bc1 Ne7 60. Re6 1-0

[Event "Columbia op"]
[Site "Columbia"]
[Date "2012.08.18"]
[Round "1"]
[White "Nix, Gene"]
[Black "Mabe, Chris J"]
[Result "0-1"]
[WhiteElo "2006"]
[BlackElo "2317"]
[PlyCount "109"]
[EventDate "2012.08.17"]
[EventType "swiss"]
[EventRounds "5"]
[EventCountry "USA"]
[SourceTitle "EXT 2013"]
[Source "ChessBase"]
[SourceDate "2012.11.22"]
[SourceVersion "1"]
[SourceVersionDate "2012.11.22"]
[SourceQuality "1"]

1. e4 e6 2. d4 d5 3. Nc3 Bb4 4. e5 Ne7 5. Nf3 c5 6. a3 Bxc3+ 7. bxc3 Qa5 8. Bd2 Nbc6 9. Bd3 c4 10. Be2 Bd7 11. 0-0 Qa4 12. Nh4 0-0-0 13. f4 f6 14. Bg4 f5 15. Be2 Rdf8 16. Nf3 Kb8 17. Kh1 Be8 18. Ng5 Nd8 19. Nh3 Nc8 20. Nf2 Nb6 21. Qc1 Rhg8 22. Nd1 h6 23. Nb2 Qa5 24. Bf3 Ba4 25. Nxa4 Nxa4 26. g4 g6 27. gxf5 gxf5 28. Rg1 Nc6 29. Qe1 Qd8 30. Qf2 Qe7 31. Rxg8 Rxg8 32. Be1 Qg7 33. Bh5 Kc7 34. Bd2 a6 35. Rg1 Qxg1+ 36. Qxg1 Rxg1+ 37. Kxg1 Kd7 38. Kg2 Na7 39. Kh3 Nb5 40. Bf7 Nbxc3 41. Kh4 Nb5 42. Kh5 Nxd4 43. Kxh6 Nf3 44. Bb4 Nxh2 45. Kg7 b6 46. Bd6 Nc5 47. Kf8 d4 48. Be8+ Kc8 49. Ke7 d3 50. cxd3 cxd3 51. Bxc5 bxc5 52. Kxe6 c4 53. Kd6 c3 54. e6 c2 55. Bc6 0-1

[Event "North Carolina Inv"]
[Site "Durham"]
[Date "2011.04.15"]
[Round "3"]
[White "Mu, Joshua"]
[Black "Mabe, Chris J"]
[Result "1-0"]
[WhiteElo "2145"]
[BlackElo "2224"]
[PlyCount "42"]
[EventDate "2011.04.15"]
[EventType "tourn"]
[EventRounds "5"]
[EventCountry "USA"]
[SourceTitle "EXT 2014"]
[Source "ChessBase"]
[SourceDate "2013.11.20"]
[SourceVersion "1"]
[SourceVersionDate "2013.11.20"]
[SourceQuality "1"]

1. e4 e6 2. d4 d5 3. Nc3 Bb4 4. e5 c5 5. Bd2 Nh6 6. Bxh6 gxh6 7. Nf3 Qa5 8. Qd2 Nc6 9. Bb5 cxd4 10. Nxd4 Bd7 11. Bxc6 bxc6 12. 0-0 Qc7 13. Nxd5 cxd5 14. Qxb4 Qxe5 15. Rfe1 a5 16. Qb7 Qb8 17. Qxd5 0-0 18. Qxd7 Rd8 19. Qa4 Qf4 20. c3 e5 21. g3 Qg4 1-0

[Event "North Carolina Inv"]
[Site "Durham"]
[Date "2010.04.25"]
[Round "4"]
[White "Mabe, Chris J"]
[Black "Timmel, John D"]
[Result "1-0"]
[WhiteElo "2228"]
[BlackElo "2033"]
[PlyCount "99"]
[EventDate "2010.04.23"]
[EventType "tourn"]
[EventRounds "5"]
[EventCountry "USA"]
[SourceTitle "EXT 2014"]
[Source "ChessBase"]
[SourceDate "2013.11.20"]
[SourceVersion "1"]
[SourceVersionDate "2013.11.20"]
[SourceQuality "1"]

1. d4 e6 2. Nf3 c5 3. e4 cxd4 4. Nxd4 Nf6 5. Nc3 d6 6. g4 h6 7. Rg1 Nc6 8. h4 Bd7 9. g5 hxg5 10. hxg5 Nh5 11. g6 Qf6 12. Ndb5 Rc8 13. Nxd6+ Bxd6 14. Qxd6 Ne5 15. Be2 Nxg6 16. Bg5 Qe5 17. 0-0-0 Qxd6 18. Rxd6 Nf6 19. Be3 a6 20. Rdd1 Bc6 21. f3 Rd8 22. Rde1 Kd7 23. Bb6 Rdg8 24. Rd1+ Kc8 25. Rd6 Nd7 26. Bxa6 bxa6 27. Rxc6+ Kb7 28. Rc7+ Kxb6 29. Rxd7 Ne5 30. Rd6+ Kc7 31. Rxa6 Nxf3 32. Rd1 Ne5 33. b4 Kb7 34. Ra5 f6 35. Rb5+ Kc7 36. Rc5+ Kb7 37. Rd6 Rc8 38. Rb5+ Ka7 39. Nd1 Rh2 40. Rc5 Rxc5 41. bxc5 Nc4 42. Rxe6 Na3 43. Kb2 Nxc2 44. Kc3 Ne1 45. Kb4 Rxa2 46. Kb5 Nf3 47. Re7+ Kb8 48. Kb6 Kc8 49. c6 Kd8 50. Rxg7 1-0

[Event "USA tt"]
[Site "ICC INT"]
[Date "2009.09.28"]
[Round "5"]
[White "Mabe, Chris J"]
[Black "Rodriguez, Eric"]
[Result "0-1"]
[WhiteElo "2213"]
[BlackElo "2245"]
[PlyCount "40"]
[EventDate "2009.08.31"]
[EventType "team (rapid)"]
[EventRounds "10"]
[EventCountry "USA"]
[SourceTitle "CBM 132 Extra"]
[Source "ChessBase"]
[SourceDate "2009.11.03"]
[SourceVersion "1"]
[SourceVersionDate "2009.11.03"]
[SourceQuality "1"]

1. c4 Nf6 2. Nf3 c5 3. Nc3 Nc6 4. g3 g6 5. Bg2 Bg7 6. d4 cxd4 7. Nxd4 0-0 8. 0-0 Ng4 9. e3 d6 10. Nxc6 bxc6 11. Bxc6 Rb8 12. Bg2 Ne5 13. Qe2 Ba6 14. Rd1 Nxc4 15. Qc2 e6 16. a3 Qa5 17. Bf1 Rfc8 18. Ra2 Bb7 19. Qa4 Bxc3 20. Qxa5 Bxa5 0-1

[Event "Miami op"]
[Site "Miami"]
[Date "2007.09.30"]
[Round "8"]
[White "Santalla, Andres"]
[Black "Mabe, Chris J"]
[Result "0-1"]
[WhiteElo "2041"]
[BlackElo "2240"]
[PlyCount "80"]
[EventDate "2007.09.26"]
[EventType "swiss"]
[EventRounds "9"]
[EventCountry "USA"]
[SourceTitle "CBM 120 Extra"]
[Source "ChessBase"]
[SourceDate "2007.11.01"]
[SourceVersion "1"]
[SourceVersionDate "2007.11.01"]
[SourceQuality "1"]

1. e4 e6 2. d4 d5 3. e5 c5 4. c3 Nc6 5. Nf3 Bd7 6. Be2 Nge7 7. Na3 cxd4 8. cxd4 Nf5 9. Nc2 Be7 10. 0-0 0-0 11. Kh1 Rc8 12. g4 Nh4 13. Nxh4 Bxh4 14. Bd3 f6 15. f4 g5 16. exf6 Rxf6 17. fxg5 Bxg5 18. Rf3 Bxc1 19. Rxc1 Rxf3 20. Qxf3 Qf8 21. Qe3 Qg7 22. Rg1 Rf8 23. Rg3 e5 24. dxe5 Nxe5 25. Bf5 Kh8 26. Nd4 Nc6 27. Nf3 Bxf5 28. gxf5 Qxb2 29. Qh6 Rxf5 30. Qe6 Rf8 31. Qxd5 Qa1+ 32. Rg1 Qf6 33. Rg3 b6 34. Ng5 Ne7 35. Qe4 Ng6 36. Qb7 Ne7 37. Qe4 Nf5 38. Rg1 Rg8 39. Qb7 Rxg5 40. Qc8+ Kg7 0-1

[Event "Miami op"]
[Site "Miami"]
[Date "2007.09.27"]
[Round "3"]
[White "Bermudez Barrera, Eduardo"]
[Black "Mabe, Chris J"]
[Result "0-1"]
[WhiteElo "2190"]
[BlackElo "2240"]
[PlyCount "38"]
[EventDate "2007.09.26"]
[EventType "swiss"]
[EventRounds "9"]
[EventCountry "USA"]
[SourceTitle "CBM 120 Extra"]
[Source "ChessBase"]
[SourceDate "2007.11.01"]
[SourceVersion "1"]
[SourceVersionDate "2007.11.01"]
[SourceQuality "1"]

1. g3 e5 2. Bg2 Nc6 3. d3 f5 4. e4 fxe4 5. dxe4 Bc5 6. Ne2 Nf6 7. Bg5 Bxf2+ 8. Kxf2 Ng4+ 9. Ke1 Qxg5 10. Qd2 Ne3 11. Bh3 0-0 12. Nbc3 Qh6 13. Nd5 Nxc2+ 14. Qxc2 Qxh3 15. Nxc7 Rb8 16. Qc4+ Kh8 17. Qc5 d6 18. Qxd6 Bg4 19. Nd5 Qg2 0-1

[Event "Miami op"]
[Site "Miami"]
[Date "2007.09.27"]
[Round "2"]
[White "Mabe, Chris J"]
[Black "Goldstein, Brian"]
[Result "1/2-1/2"]
[WhiteElo "2240"]
[BlackElo "2101"]
[PlyCount "120"]
[EventDate "2007.09.26"]
[EventType "swiss"]
[EventRounds "9"]
[EventCountry "USA"]
[SourceTitle "CBM 120 Extra"]
[Source "ChessBase"]
[SourceDate "2007.11.01"]
[SourceVersion "1"]
[SourceVersionDate "2007.11.01"]
[SourceQuality "1"]

1. Nf3 c5 2. c4 Nf6 3. g3 Nc6 4. Bg2 e6 5. 0-0 d5 6. cxd5 exd5 7. d4 Be7 8. Nc3 0-0 9. Be3 cxd4 10. Nxd4 Be6 11. Rc1 Qd7 12. Qa4 Bh3 13. Rfd1 Bxg2 14. Kxg2 Rfd8 15. Ncb5 a6 16. Nxc6 bxc6 17. Na3 Rab8 18. Rc2 Qb7 19. f3 Rbc8 20. Rd3 c5 21. Rb3 Qc6 22. Qa5 d4 23. Bf2 Nd5 24. Nc4 Nb4 25. Rd2 Bg5 26. Rd1 Qe6 27. Nb6 Rc6 28. Rxb4 cxb4 29. Qxg5 f6 30. Qd2 Rxb6 31. b3 Rbd6 32. Qxb4 Qxe2 33. Re1 Qb5 34. Qd2 d3 35. b4 Qd5 36. a4 Re6 37. Rd1 Re2 38. Qc3 Qa2 39. Qc5 Qc2 40. Qxc2 Rxc2 41. b5 axb5 42. axb5 Rb8 43. Rxd3 Rxb5 44. f4 Rbb2 45. Rf3 f5 46. h3 h5 47. Kf1 Rb1+ 48. Kg2 Kf7 49. h4 Rd1 50. Rb3 Rdd2 51. Rf3 Ke6 52. Kf1 Rxf2+ 53. Rxf2 Rxf2+ 54. Kxf2 Kd5 55. Ke3 Kc4 56. Ke2 Kd4 57. Kd2 Ke4 58. Ke2 g6 59. Kf2 Kd5 60. Kf3 Kc4 1/2-1/2

[Event "South Carolina op"]
[Site "Greenville"]
[Date "2006.06.25"]
[Round "1"]
[White "Mc Cartney, Patrick"]
[Black "Mabe, Chris J"]
[Result "0-1"]
[WhiteElo "1967"]
[BlackElo "2161"]
[PlyCount "70"]
[EventDate "2006.06.23"]
[EventType "swiss"]
[EventRounds "5"]
[EventCountry "USA"]
[SourceTitle "CBM 112 Extra"]
[Source "ChessBase"]
[SourceDate "2006.07.14"]
[SourceVersion "1"]
[SourceVersionDate "2006.07.14"]
[SourceQuality "1"]

1. f4 d5 2. Nf3 Nf6 3. e3 g6 4. b4 a5 5. b5 Bg7 6. Bb2 0-0 7. Be2 Nbd7 8. 0-0 Nc5 9. Na3 Bf5 10. Nh4 Bd7 11. c4 dxc4 12. Bxc4 Bg4 13. Qc2 b6 14. d4 Nce4 15. f5 g5 16. Nf3 Bxf3 17. gxf3 Nd6 18. Bd3 Nd5 19. e4 Ne3 20. Qd2 Nxf1 21. Qxg5 e6 22. Qf4 e5 23. dxe5 Nxf5 24. exf5 Qxd3 25. Rxf1 Kh8 26. Bc1 Qe2 27. Rf2 Qe1+ 28. Rf1 Qxe5 29. Kh1 Qe2 30. Rg1 Be5 31. Qh6 Qxf3+ 32. Rg2 Rg8 33. Bg5 Qf1+ 34. Rg1 Qxf5 35. Nc4 Bd4 0-1

[Event "South Carolina op"]
[Site "Greenville"]
[Date "2006.06.24"]
[Round "2"]
[White "Mabe, Chris J"]
[Black "Ftacnik, Lubomir"]
[Result "0-1"]
[WhiteElo "2599"]
[BlackElo "2599"]
[PlyCount "66"]
[EventDate "2006.06.23"]
[EventType "swiss"]
[EventRounds "5"]
[EventCountry "USA"]
[SourceTitle "CBM 112 Extra"]
[Source "ChessBase"]
[SourceDate "2006.07.14"]
[SourceVersion "1"]
[SourceVersionDate "2006.07.14"]
[SourceQuality "1"]

1. c4 Nf6 2. Nc3 c5 3. Nf3 e6 4. e4 Nc6 5. d3 Be7 6. g3 0-0 7. Bg2 d6 8. 0-0 Bd7 9. h3 a6 10. Be3 e5 11. a3 b5 12. Nd2 Rb8 13. f4 Nd4 14. b4 cxb4 15. axb4 Qc8 16. Kh2 bxc4 17. Nxc4 Rxb4 18. Bxd4 exd4 19. Ne2 Qc5 20. Rxa6 Bb5 21. Ra5 Nd7 22. Rxb5 Rxb5 23. Qa4 Bf6 24. Qa6 Rb3 25. Nc1 Rc3 26. Rd1 Qc7 27. Na2 Nc5 28. Qxd6 Qxd6 29. Nxd6 Rxd3 30. Rxd3 Nxd3 31. e5 Be7 32. Nf5 Bc5 33. Kg1 Rd8 0-1

[Event "World op 33rd"]
[Site "Philadelphia"]
[Date "2005.06.28"]
[Round "1"]
[White "Mohota, Nisha"]
[Black "Mabe, Chris J"]
[Result "1-0"]
[WhiteElo "2297"]
[BlackElo "2212"]
[PlyCount "61"]
[EventDate "2005.06.??"]
[EventType "swiss"]
[EventRounds "9"]
[EventCountry "USA"]
[SourceTitle "EXT 2006"]
[Source "ChessBase"]
[SourceDate "2005.11.24"]
[SourceVersion "1"]
[SourceVersionDate "2005.11.24"]
[SourceQuality "1"]

1. d4 e6 2. c4 Nf6 3. Nc3 Bb4 4. e3 b6 5. Nge2 Ba6 6. a3 Bxc3+ 7. Nxc3 d5 8. b3 0-0 9. Be2 Nc6 10. a4 dxc4 11. bxc4 Na5 12. Nb5 c6 13. Na3 c5 14. Nb5 Qd7 15. Ba3 Rfd8 16. dxc5 Qc6 17. Nd4 Qc8 18. Qc2 bxc5 19. Nb5 Bb7 20. f3 a6 21. Nc3 Qc7 22. Kf2 Rd7 23. g3 Qe5 24. Rhd1 Qh5 25. h4 Rad8 26. Rxd7 Rxd7 27. Rd1 Nxc4 28. Qb3 Na5 29. Qb6 Rxd1 30. Bxd1 g5 31. Qxc5 1-0

[Event "Las Vegas National op"]
[Site "Las Vegas"]
[Date "2005.06.12"]
[Round "5"]
[White "Somogyi, Istvan"]
[Black "Mabe, Chris J"]
[Result "1-0"]
[WhiteElo "2250"]
[BlackElo "2212"]
[PlyCount "47"]
[EventDate "2005.06.10"]
[EventType "swiss"]
[EventRounds "7"]
[EventCountry "USA"]
[SourceTitle "CBM 106 Extra"]
[Source "ChessBase"]
[SourceDate "2005.07.01"]
[SourceVersion "1"]
[SourceVersionDate "2005.07.01"]
[SourceQuality "1"]

1. d4 Nf6 2. c4 g6 3. Nc3 Bg7 4. g3 0-0 5. Bg2 d6 6. Nf3 c5 7. 0-0 Nc6 8. d5 Na5 9. Nd2 Rb8 10. Qc2 a6 11. b3 b5 12. Bb2 bxc4 13. bxc4 h5 14. Rab1 h4 15. Nd1 h3 16. Bh1 e5 17. dxe6 Bxe6 18. Ne3 Qc7 19. Bxf6 Bxf6 20. Nd5 Bxd5 21. Bxd5 Kg7 22. Ne4 Be5 23. Ng5 Nc6 24. Bxf7 1-0

[Event "Las Vegas National op"]
[Site "Las Vegas"]
[Date "2005.06.11"]
[Round "3"]
[White "Schill, William"]
[Black "Mabe, Chris J"]
[Result "1-0"]
[WhiteElo "2305"]
[BlackElo "2212"]
[PlyCount "83"]
[EventDate "2005.06.10"]
[EventType "swiss"]
[EventRounds "7"]
[EventCountry "USA"]
[SourceTitle "CBM 106 Extra"]
[Source "ChessBase"]
[SourceDate "2005.07.01"]
[SourceVersion "1"]
[SourceVersionDate "2005.07.01"]
[SourceQuality "1"]

1. e4 c5 2. c3 g6 3. d4 cxd4 4. cxd4 d5 5. e5 Bg7 6. Nc3 Nc6 7. h3 e6 8. Nf3 Nge7 9. Bd3 0-0 10. 0-0 Nf5 11. Bxf5 exf5 12. Qb3 Rb8 13. Bg5 Nxd4 14. Bxd8 Nxb3 15. Bc7 Nxa1 16. Bxb8 Nc2 17. Bxa7 Re8 18. Nxd5 Be6 19. Nc7 Re7 20. Nxe6 Rxe6 21. Rd1 Bxe5 22. Rd2 Rd6 23. Rxd6 Bxd6 24. a3 Na1 25. Nd4 Be5 26. Kf1 Kf8 27. Ke2 Ke7 28. Bc5+ Kd7 29. Kd3 Bxd4 30. Bxd4 Nb3 31. Kc4 Nc1 32. Be3 b5+ 33. Kc3 Ne2+ 34. Kd3 f4 35. Kxe2 fxe3 36. Kxe3 Kc6 37. Kd4 Kd6 38. b3 Kc6 39. Ke5 Kc5 40. Kf6 Kd4 41. Kxf7 Kc3 42. a4 1-0